000 00463nam a2200181Ia 4500
001 7955
005 20260306160533.0
008 260306t2022||||xx |||||||||||||| ||spa||
041 _aESP
082 _a364.1323
_bU831
100 _aUgarteche Galarza, Óscar,
_eAUT
245 0 _aLa nueva corrupción en el Perú :
_bpirañitas y tiburones
260 _c2022
300 _a142 páginas :
_c21 cm.
650 _aGEN
654 _aCHU
942 _cLIB
_dJUS
_fJUS
_2ddc
_n
999 _c7955
_d7955